000
00205 a2200097 4500
001
29423
100
_a
N Y
245
_a
How to impro human puforamnce
260
_a
_b
Harped Rew
_c
090
_c
19635
_d
19635
942
_a
NUST-CAE
_c
M
_c
10708
999
_c
264496
_d
264496